[Event "GER-chT LG-1 email"]
[Site "GER email"]
[Date "2007.10.25"]
[Round "?"]
[White "Fischer, Wolfgang"]
[Black "Bross, Horst"]
[Result "1/2-1/2"]
[WhiteElo "2365"]
[BlackElo "2550"]
[PlyCount "69"]
[EventDate "2007.??.??"]
[EventType "tourn (corr)"]
[EventRounds "8"]
[EventCountry "GER"]
[SourceTitle "Corr 2011"]
[Source "ChessBase"]
[SourceDate "2010.08.31"]
[SourceVersion "1"]
[SourceVersionDate "2010.08.31"]
[SourceQuality "1"]

1. e4 c5 2. Nf3 d6 3. d4 cxd4 4. Nxd4 Nf6 5. Nc3 a6 6. Bg5 e6 7. f4 Qb6 8. Qd2 Qxb2 9. Rb1 Qa3 10. e5 dxe5 11. fxe5 Nfd7 12. Ne4 h6 13. Bh4 Qxa2 14. Rd1 Qd5 15. Qe3 Qxe5 16. Be2 Bc5 17. Bg3 Bxd4 18. Rxd4 Qa5+ 19. Rd2 0-0 20. Bd6 Rd8 21. Qg3 Nc6 22. 0-0 f5 23. Bc7 Qb4 24. Bxd8 fxe4 25. Qg6 Nde5 26. Qe8+ Kh7 27. Rf8 Ng6 28. Rf6 Qc5+ 29. Kh1 Qg5 30. Rd1 Bd7 31. Rxd7 Nxd8 32. Rf2 a5 33. g3 a4 34. h4 Qxg3 35. Rg2 1/2-1/2